Получение оксида неодима из шлифотходов производства постоянных магнитов; Известия Томского политехнического университета [Известия ТПУ]; Т. 317, № 3: Химия

Podrobná bibliografie
Parent link:Известия Томского политехнического университета [Известия ТПУ]/ Томский политехнический университет (ТПУ).— , 2000-
Т. 317, № 3: Химия.— 2010.— [С. 91-94]
Hlavní autor: Водянкин А. Ю. Алексей Юрьевич
Další autoři: Жерин И. И. Иван Игнатьевич, Страшко А. Н. Александр Николаевич
Shrnutí:Заглавие с титульного листа
Электронная версия печатной публикации
Изучены кинетические закономерности растворения шлифотходов производства постоянных магнитов раствором серной кислоты. Рассчитана энергия активации и показано, что процесс протекает в переходной области. Построена математическая модель оксалатного осаждения неодима из сернокислых растворов, определены оптимальные условия осаждения. Исследовано влияние температуры и времени прокаливания на термическое разложение оксалата неодима.
Jazyk:ruština
Vydáno: 2010
Edice:Химия
Témata:
On-line přístup:http://www.lib.tpu.ru/fulltext/v/Bulletin_TPU/2010/v317/i3/20.pdf
Médium: Elektronický zdroj Kapitola
KOHA link:https://koha.lib.tpu.ru/cgi-bin/koha/opac-detail.pl?biblionumber=192316

MARC

LEADER 00000nla2a2200000 4500
001 192316
005 20240206141737.0
035 |a (RuTPU)RU\TPU\book\209702 
035 |a RU\TPU\book\209683 
090 |a 192316 
100 |a 20110222d2010 k y0rusy50 ca 
101 0 |a rus 
102 |a RU 
135 |a drnn ---uucaa 
181 0 |a i  
182 0 |a b 
200 1 |a Получение оксида неодима из шлифотходов производства постоянных магнитов  |f А. Ю. Водянкин, И. И. Жерин, А. Н. Страшко 
203 |a Текст  |c электронный 
215 |a 1 файл (411 Кб) 
225 1 |a Химия 
300 |a Заглавие с титульного листа 
300 |a Электронная версия печатной публикации 
320 |a [Библиогр.: с. 94 (12 назв.)] 
330 |a Изучены кинетические закономерности растворения шлифотходов производства постоянных магнитов раствором серной кислоты. Рассчитана энергия активации и показано, что процесс протекает в переходной области. Построена математическая модель оксалатного осаждения неодима из сернокислых растворов, определены оптимальные условия осаждения. Исследовано влияние температуры и времени прокаливания на термическое разложение оксалата неодима. 
337 |a Adobe Reader 
461 1 |0 (RuTPU)RU\TPU\book\176237  |t Известия Томского политехнического университета [Известия ТПУ]  |f Томский политехнический университет (ТПУ)  |d 2000- 
463 1 |0 (RuTPU)RU\TPU\book\209400  |x 1684-8519  |t Т. 317, № 3: Химия  |v [С. 91-94]  |d 2010  |p 205 с. 
610 1 |a шлифотходы 
610 1 |a серная кислота 
610 1 |a оксалат неодима 
610 1 |a оксид неодима 
610 1 |a труды учёных ТПУ 
610 1 |a электронный ресурс 
700 1 |a Водянкин  |b А. Ю.  |c российский химик  |c доцент Томского политехнического университета, кандидат химических наук  |f 1971-  |g Алексей Юрьевич  |3 (RuTPU)RU\TPU\pers\27894 
701 1 |a Жерин  |b И. И.  |c российский химик  |c профессор Томского политехнического университета, доктор химических наук  |f 1955-  |g Иван Игнатьевич  |3 (RuTPU)RU\TPU\pers\25854  |9 11723 
701 1 |a Страшко  |b А. Н.  |c химик-технолог  |c ассистент Томского политехнического университета, кандидат технических наук  |f 1984-  |g Александр Николаевич  |3 (RuTPU)RU\TPU\pers\27926  |9 12929 
801 1 |a RU  |b 63413507  |c 20090623  |g PSBO 
801 2 |a RU  |b 63413507  |c 20211223  |g PSBO 
856 4 |u http://www.lib.tpu.ru/fulltext/v/Bulletin_TPU/2010/v317/i3/20.pdf 
942 |c CF